К расчету ширины и сдвига микроволновых спектральных линий; Известия вузов. Физика; Т. 46, № 12

מידע ביבליוגרפי
Parent link:Известия вузов. Физика/ Министерство общего и профессионального образования Российской Федерации ; Томский Госуниверситет.— , 1958-.— 0021-3411
Т. 46, № 12.— 2003.— с. 20-27
מחבר ראשי: Скворцов В. А.
שפה:רוסית
יצא לאור: 2003
סדרה:Оптика и спектроскопия
נושאים:
פורמט: MixedMaterials Book Chapter
KOHA link:https://koha.lib.tpu.ru/cgi-bin/koha/opac-detail.pl?biblionumber=419978

MARC

LEADER 00000naa2a2200000 4500
001 419978
005 20231101073324.0
035 |a (RuTPU)RU\TPU\prd\77440 
035 |a RU\TPU\prd\23903 
090 |a 419978 
100 |a 20100301a2003 k y0rusy50 ca 
101 0 |a rus 
102 |a RU 
200 1 |a К расчету ширины и сдвига микроволновых спектральных линий  |f В. А. Скворцов 
225 1 |a Оптика и спектроскопия 
320 |a Библиогр.: 16 назв. 
461 1 |0 (RuTPU)RU\TPU\prd\191  |x 0021-3411  |t Известия вузов. Физика  |f Министерство общего и профессионального образования Российской Федерации ; Томский Госуниверситет  |d 1958- 
463 1 |0 (RuTPU)RU\TPU\prd\77435  |t Т. 46, № 12  |v с. 20-27  |d 2003 
610 1 |a квазиклассическая ударная теория 
610 1 |a спектральные линии 
610 1 |a расчет 
610 1 |a сдвиг 
610 1 |a ширина 
610 1 |a двухуровневое приближение 
610 1 |a классическое диполе 
610 1 |a теория Андерсона 
610 1 |a газовая спектроскопия 
675 |a 539.194  |v 3 
700 1 |a Скворцов  |b В. А. 
801 1 |a RU  |b 63413507  |c 20040316  |g PSBO 
801 2 |a RU  |b 63413507  |c 20101029  |g RCR 
942 |c BK